MARC details
| 000 -LEADER |
| fixed length control field |
00698cam a2200181 4500 |
| 001 - CONTROL NUMBER |
| control field |
WS118687 |
| 008 - FIXED-LENGTH DATA ELEMENTS--GENERAL INFORMATION |
| fixed length control field |
020704n 000 0 eng u |
| 035 ## - SYSTEM CONTROL NUMBER |
| System control number |
(Sirsi) u118687 |
| 245 ## - TITLE STATEMENT |
| Title |
De Bundesregierung |
| 520 ## - SUMMARY, ETC. |
| Summary, etc. |
Web site for the German government in German, English, French and Spanish. Includes pages for each ministry, press releases and access to the journal 'Deutschland', a magazine on politics, culture, business and science. |
| 650 ## - SUBJECT ADDED ENTRY--TOPICAL TERM |
| Topical term or geographic name entry element |
EUROPE |
| 650 ## - SUBJECT ADDED ENTRY--TOPICAL TERM |
| Topical term or geographic name entry element |
GERMANY |
| 650 ## - SUBJECT ADDED ENTRY--TOPICAL TERM |
| Topical term or geographic name entry element |
GOVERNMENT |
| 650 ## - SUBJECT ADDED ENTRY--TOPICAL TERM |
| Topical term or geographic name entry element |
INTERNATIONAL |
| 690 ## - LOCAL SUBJECT ADDED ENTRY--TOPICAL TERM (OCLC, RLIN) |
| Topical term or geographic name as entry element |
INTERNATIONAL-EUROPE |
| 856 40 - ELECTRONIC LOCATION AND ACCESS |
| Uniform Resource Identifier |
<a href="https://www.bundesregierung.de">https://www.bundesregierung.de</a> |
| Public note |
View the website free of charge at www.bundesregierung.de... |
| 942 ## - ADDED ENTRY ELEMENTS (KOHA) |
| Suppress in OPAC |
0 |